000 00652nam a2200253Ia 4500
001 Z_2861
003 CHAP
008 220113s1978 xx 000 0 und d
010 _a165934
040 _cCHAP
082 _a636.0891 B4y
100 _aBerg, Ralf
_9139959
245 _aAnatomía topográfica y aplicada de los animales domésticos /
_cpor Ralf Berg
260 _aMadrid :
_b :,
_bA C,
_c1978
300 _a415 p. :
_bilus.
503 _afotocopias
650 _aAnimales domésticos
_xAnatomía y fisiología I. t.
_9137182
901 _a636.0891 B4Y
902 _aM
910 _a1978
942 _c1
942 _cc1
999 _c165934
_d165934